00786 2200241 4500001002100000005001700021008004100038020001800079035002400097043001200121082001000133090002100143100001800164245013600182250001100318260003800329300003300367500006900400504001600469650002300485700001500508999002100523YOGYA-0411000000167020110419142306.0 ind  a979-9075-52-1 0010-041100000001670 aYOPDYOG a323.4 aDEP 323.4bRak G aRAKHMAN, Alwy aGelas kaca dan kayu bakarbpengalaman perempuan dalam pelaksanaan hak-hak keluarga berencanacAlwy Rakhmat ; ilustrator, Sutawijaya aCet. 1 aYogyakartabPustaka Pelajarc1998 axiii, 152 hlm.bilus.c21 cm aditerbitkan atas kerjasama dengan yayasan Lembag Konsumen Sulsel ahlm 149-152 aWanita - hak sipil aSutawijaya a1998-290 CB-D.11